000 00425nam a2200181Ia 4500
008 230524s9999 xx 000 0 und d
020 _a8121917875
082 _a546
_bPRA
100 _aSatya Prakash
245 0 _aAdvance In Organic Chemistry Vol-2
250 _a4TH
260 _aNEW DELHI
_bS. Chand
_c2005
300 _a655
500 _aQuantity Number: 2
650 _aChemistry
700 _a. Atal
942 _cBK
999 _c1499
_d1499